| 000 | 01909nam a22002657a 4500 | ||
|---|---|---|---|
| 005 | 20220419143454.0 | ||
| 008 | 220419b ||||| |||| 00| 0 eng d | ||
| 040 | _cAloy | ||
| 041 | _aeng | ||
| 082 |
_223 _a301.09 _bAROM |
||
| 100 |
_aRaymond Aron _930405 |
||
| 245 | _aMain current in sociological thought | ||
| 260 |
_aEngland _bPenguin Books _c1965 |
||
| 300 |
_aiv,271 p. _bPB _c18x11 cm. |
||
| 365 | _2Sociology | ||
| 440 |
_vVol.1 _aA pelican Book _930404 |
||
| 520 | _aThis is the first part of Raymond Aron's landmark two-volume study of the sociological tradition—arguably the definitive work of its kind. More than a work of reconstruction, Aron's study is, at its deepest level, an engagement with the very question of modernity: how did the intellectual currents which emerged in the eighteenth century shape the modern political and philosophical order? With scrupulous fairness, Aron examines the thoughts and arguments of the major social thinkers to discern how they answered this question. Volume One explores three traditions: the French liberal school of political sociology, represented by Montesquieu and Tocqueville; the Comtean tradition, anticipating Durkheim in its elevation of social unity and consensus; and the Marxists, who posited the struggle between classes and placed their faith in historical necessity. In his customary clear and penetrating prose, Aron argues that each of these schools offers its own theory of the diversity of societies and that "each is inspired both by moral convictions and by scientific hypotheses." This Routledge Classics edition includes an introduction by Daniel J. Mahoney and Brian C. Anderson. | ||
| 650 |
_aSociology _930397 |
||
| 650 |
_aAuguste Comte _930398 |
||
| 650 |
_aKarl Marx _930399 |
||
| 650 |
_aMontesquieu _930400 |
||
| 650 |
_aAlexis De Tocqueville _930401 |
||
| 700 |
_aARON (Raymond) _930396 |
||
| 942 |
_2ddc _cGF |
||
| 999 |
_c222482 _d222482 |
||